000 00508nam a2200181Ia 4500
005 20250923144736.0
008 008 250917s9999 xx 000 0 eng d
037 _aTextual
040 _aDSWL
_beng
_cDSWL
041 _aeng
_2eng
084 _aX:8, J9
_qDSWL
100 _aWhyt, William Foote
_9827953
245 0 _aMan and organization
_cby William Foote Whyt
260 _b Richard D. Irvin
_c1969
300 _aviii,104p.
942 _cTEXL
_hX:8, J9
999 _c1442769
_d1442769